Management, industry, and trade in cotton textiles /

Saved in:
Bibliographic Details
Main Author: Chin, Rockwood, 1911-
Format: Book
Language:English
Published: New Haven : College & University Press, [1965].
Subjects:
LEADER 00995cam a22002771 4500
001 c000301262
003 CARM
005 20090406091247.0
008 950911s1965 ctu b 000 0 eng
019 1 |a 25039705  |5 LACONCORD2021 
035 |a (OCoLC)2834624  |5 LACONCORD2021 
040 |a DLC  |c ScU  |d OCoLC  |d DLC 
050 0 0 |a HD9070.5  |b .C515 
082 0 4 |a 658.97721 C539 
082 0 4 |a 658.97721 
100 1 |a Chin, Rockwood,  |d 1911- 
245 1 0 |a Management, industry, and trade in cotton textiles /  |c by Rockwood Chin. 
260 |a New Haven :  |b College & University Press,  |c [1965]. 
300 |a 208 p. ;  |c 21 cm. 
504 |a "Notes and references": p. 185-204. 
650 0 |a Cotton manufacture. 
650 0 |a Cotton trade. 
650 0 |a Textile industry. 
852 8 |b CARM  |h A3:AD29B0  |i B11371  |p 0549408  |f BK 
999 f f |i 7c7c1f87-ac26-56fb-8f8f-f65e8b4c5718  |s c4696eb9-0cf4-5deb-a0d9-a020334bad92 
952 f f |p Can circulate  |a CAVAL  |b CAVAL  |c CAVAL  |d CARM 1 Store  |e B11371  |f A3:AD29B0  |h Other scheme  |i book  |m 0549408